Quizzes
Events
Quiz Creation
Community
Videos
Private Events
Remove Ads
Sign In
Join for FREE
Feedback
Dark Mode
Quiz Categories
Sports
Geography
Music
Movies
Television
Just For Fun
Miscellaneous
History
Literature
Language
Science
Gaming
Entertainment
Religion
Holiday
For Kids
Quiz Lab
Recent
Popular Today
Quiz Kudos Today
Editor Picks
Curator Picks
Quizzes by...
Day
Popularity
Type
Ratings
Length
Year
Community
Subscriptions
Recent Discussions
Orange Saloon
Badges
Playlists
Quests
Create
Leaderboards
Showdown
Live 5
Trivia Bingo
Activity
Puzzle Library
Sporcle Events
Private Events
Virtual Trivia
Globe League
Become a Host
Pub Owners
SporcleCon
Opinionation
Our Games
Videos
Blog
Mobile Apps
Partnerships
Remove Ads and Go Orange
Feedback
Religion
Mythology
Religious Music
World Religions
Bible
Christianity
Catholicism
Judaism
Church
Scripture
Islam
Verse
Religion
Mythology
Religious Music
World Religions
Bible
Christianity
Catholicism
Judaism
Church
Scripture
Islam
Verse
Random Quiz
Search Sporcle
×
Quiz Lab
Quiz Lab
Religion
United States
Type in answers that appear in a list
Type in answers that appear in a list
Classic
Best Score? Go Orange.
Roman Catholic Dioceses of the USA Stats
Can you name the Roman Catholic Dioceses of the USA?
By
themistocles
20m
173 Questions
982 Plays
982 Plays
982 Plays
Comments
Comments
Give Quiz Kudos
Give Quiz Kudos
-
- Ratings
hide this ad
More Info
Replay
Link that replays current quiz
Next Quiz
Link to next quiz in quiz playlist
You Got
0%
They Got
Avg Score
67%
Avg Friend Score
Upgrade to see
Score Distribution
Jump to the score distribution portion of the page
Score
0/173
Timer
20:00
0
Plays Today
State
Diocese
% Correct
CA
San Francisco
91.8%
CA
Los Angeles
91.5%
AZ
Phoenix
91.1%
CO
Denver
90.8%
FL
Miami
90.8%
CA
San Diego
90%
NY
New York
89.8%
MA
Boston
89.7%
DC
Washington
89.2%
LA
New Orleans
88.9%
IL
Chicago
88.8%
PA
Philadelphia
88.4%
MN
St Paul and Minneapolis
88.3%
MI
Detroit
87%
PA
Pittsburgh
86.9%
ME
Portland
86.7%
GA
Atlanta
86.6%
OR
Portland
86.6%
MO
Kansas City - St Joseph
86.5%
MS
Jackson
86.4%
AK
Anchorage
86.3%
TX
Dallas
86.2%
KS
Kansas City
86.1%
OH
Cincinnati
85.8%
AK
Juneau
85.6%
CA
Sacramento
85.6%
TX
Galveston - Houston
85.6%
OH
Cleveland
85.5%
MD
Baltimore
85.1%
KY
Louisville
84.9%
FL
Orlando
84.6%
OH
Columbus
84.5%
CT
Hartford
84.2%
IN
Indianapolis
84.2%
TN
Nashville
84.2%
AL
Birmingham
83.8%
AL
Mobile
83.2%
IL
Springfield
83.1%
MO
Springfield - Cape Girardeau
83.1%
NV
Las Vegas
83.1%
MA
Springfield
83%
WV
Wheeling - Charleston
82.9%
OK
Oklahoma City
82.7%
LA
Baton Rouge
82.1%
NY
Buffalo
82%
NC
Raleigh
82%
WA
Seattle
81.9%
RI
Providence
81.8%
SC
Charleston
81.8%
ID
Boise
81.5%
TX
San Antonio
81.4%
TN
Memphis
81.2%
HI
Honolulu
80.9%
IA
Des Moines
80.8%
MO
St Louis
80.5%
NY
Albany
80.3%
WI
Milwaukee
80%
NJ
Newark
79.8%
State
Diocese
% Correct
UT
Salt Lake City
79.5%
FL
Pensacola-Tallahassee
79%
TX
Austin
78.9%
CO
Colorado Springs
78.7%
NV
Reno
78.5%
NM
Santa Fe
78.5%
NE
Omaha
78.3%
WI
Madison
78.3%
NC
Charlotte
78.2%
AZ
Tucson
77.5%
NJ
Trenton
76.6%
TX
El Paso
76.6%
DE
Wilmington
76.1%
NY
Rochester
76.1%
CA
San Jose
75.8%
ND
Fargo
75.7%
VA
Richmond
75.7%
OK
Tulsa
75.4%
AK
Fairbanks
75.3%
KY
Lexington
75.1%
OH
Toledo
75.1%
NE
Lincoln
75%
WY
Cheyenne
75%
GA
Savannah
74.9%
IN
Fort Wayne- South Bend
74.9%
PA
Harrisburg
74.6%
CA
Oakland
74.4%
MI
Lansing
74.4%
MT
Helena
73.3%
ND
Bismarck
73%
WI
Green Bay
71.3%
CA
Fresno
71.2%
TN
Knoxville
71%
NY
Syracuse
70.6%
PA
Erie
70.5%
SD
Sioux Falls
70.4%
KS
Wichita
70.1%
PA
Scranton
69.9%
MN
Duluth
69.8%
MI
Grand Rapids
69.4%
FL
St Petersburg
68.8%
TX
Fort Worth
68.7%
LA
Shreveport
68.5%
MT
Great Falls - Billings
68.3%
WA
Spokane
68.3%
TX
Corpus Christi
66.5%
MA
Worcester
64.3%
PA
Allentown
64.2%
CT
Bridgeport
63.8%
NH
Manchester
63.7%
VT
Burlington
63.5%
IN
Gary
63.4%
VA
Arlington
61.8%
TX
Amarillo
61.4%
IA
Dubuque
60.9%
IL
Peoria
59.7%
OR
Baker
59.4%
NY
Brooklyn
58.9%
State
Diocese
% Correct
IL
Rockford
58%
IN
Lafayette
57.8%
OH
Youngstown
57.6%
TX
Lubbock
57.1%
MO
Jefferson City
57%
MS
Biloxi
56.8%
IN
Evansville
55.9%
IA
Sioux City
55.8%
NJ
Camden
55.7%
IA
Davenport
55.4%
NM
Las Cruces
55.4%
CA
Orange
55.1%
CO
Pueblo
55.1%
TX
Brownsville
54.2%
FL
St Augustine
53.6%
SD
Rapid City
53.6%
CA
San Bernardino
52.8%
MI
Kalamazoo
51.9%
IL
Joliet
51.7%
CA
Stockton
48.6%
LA
Alexandria
48.6%
PA
Altoona-Johnstown
48.6%
TX
Laredo
47.3%
NJ
Paterson
46.8%
MI
Marquette
46.3%
MN
St Cloud
45.2%
MA
Fall River
45.1%
KY
Covington
44.2%
WA
Yakima
43.8%
KY
Owensboro
43.6%
WI
La Crosse
42.5%
FL
Palm Beach
42.2%
MI
Saginaw
41.5%
NE
Grand Island
41.4%
OH
Steubenville
40.6%
TX
Beaumont
40.4%
CA
Santa Rosa
40%
TX
Tyler
39.9%
KS
Salina
38.6%
CA
Monterey
38.4%
TX
San Angelo
37.4%
IL
Belleville
37.1%
NM
Gallup
36.6%
LA
Houma - Thibodaux
35.9%
KS
Dodge City
35.8%
NY
Rockville Centre
35.3%
WI
Superior
35.3%
FL
Venice
35%
MN
Winona
34%
MI
Gaylord
33.6%
NJ
Metuchen
33.2%
TX
Victoria
32.9%
PA
Greensburg
32.7%
CT
Norwich
32.6%
MN
New Ulm
31.9%
MN
Crookston
30.7%
NY
Ogdensburg
29%
Quiz Playlist
Details
Report
Send in Message
Add To Playlist
More Info:
This quiz is limited to dioceses within the 50 states and Latin Rite dioceses.
Classic:
Type in answers that appear in a list
Quiz Source
Last Updated: Apr 19, 2017
Quiz Scoreboard
CHALLENGE
Sign Up to Join the Scoreboard
Show All
Scores
Hide
Comments
May contain spoilers
Recently Published
Billboard Blitz: Fleetwood Mac
by CooCooCachoo
Music
15s
Presidents Visiting Landmarks
by Hejman
History
7m
An Introduction to Baseball
by treessimontrees
Sports
5m
More to Explore
Quiz From the Vault
Featured Blog Post
Where Did the Easter Bunny Come From?
hide this ad
You Might Also Like...
Tags
Catholicism Quiz
State Quiz
United States Quiz
catholic
diocese
Roman
Today's Top Quizzes in Religion
Browse Religion
hide this ad
Today's Top Quizzes in United States
Browse United States
Top Contributed Quizzes in Religion
1
5-to-1: Children of Gods
2
5-to-1: European Churches
3
One Thing in Common: Mythology
4
10 to 1: Islam
5
One Thing in Common: Mythology II
6
Prime Time: Religion
7
Order Up: Seven Last Words of Christ
8
One Thing in Common: Religion
9
One Thing in Common: Religion and Mythology
10
Religion Who Wants To Be A Millionaire
Explore More
Trending Topics
Harry Potter
Anime
Crossword
Kpop
Disney
NBA
Marvel
Soccer
Song
Puzzle
WWE
NFL
Pokémon
Country
The Office
hide this ad
More By:
themistocles
Quiz
Plays
Rating
Category
Featured
Created
Roman Catholic Dioceses of the USA
982
4.71
Religion
Jan 9, 2010
Leading Automobile Producing Nations
716
4.42
Geography
Sep 25, 2009
Most Common Physician Specialties USA
332
5.00
Miscellaneous
Oct 18, 2009
Go to Creator's Profile
Score Distribution
Quiz Creator Spotlight
themistocles
Follow
Send a Message
Quizzes Created
-
Created Quiz Play Count
-
More By This Creator
Popular Quizzes Today
1
Find the US States - No Outlines Minefield
2
Find the Countries of Europe - No Outlines Minefield
3
The Countries of the World
4
Find the US States
5
Risky Map Clicking: Biggest States A-Z
6
US States
7
Popular People in 1961
8
Movies - When Are They Set?
More Religion Quizzes
Synoptic Gospels
Curator's Pick
Trending Quizzes
Risky Map Clicking: Least Populous States A-Z
1-10 Letter G Words
1-10 Letter F Words
Risky Map Clicking: Next State Alphabetically
Click the Washington State Counties! (Map)
Recently Updated
Leaping Animals
pecheneg
Reality TV Shows (A-Z)
bhenderson79
Rickey Henderson's Hall of Fame Teammates
pecheneg
Champions League XIs: Arsenal
pecheneg
Quick Pick: Celebrities in WWE's Hall of Fame
aduchscher
A-Z Keypad Blitz II
pecheneg
Multiple Oscar Actors
pecheneg
Mystery Phrase Blitz: Oscar 'Best Actors'
pecheneg
F. Scott Fitzgerald Novels
LTH
Pick 3 Villains
ddd62291
Trending Topics
Crossword
NBA
Harry Potter
Anime
Disney
Marvel
Kpop
Song
Pokémon
WWE
Soccer
The Office
Puzzle
Country
NFL
Your Account Isn't Verified!
In order to create a playlist on Sporcle, you need to verify the email address you used during registration. Go to your
Sporcle Settings
to finish the process.
Report this User
Report this user for behavior that violates our
Community Guidelines
.
Details:
Send Report
Go to the Sporcle.com Mobile Site →
Comments